|
|
|
|
| LEADER |
00000nam a2200000Ii 4500 |
| 001 |
DIGOLEJNK1191 |
| 003 |
NyNyDIG |
| 006 |
m o d |
| 007 |
cr ||||||||||| |
| 008 |
250411s2022 cl o 000 0 spa d |
| 035 |
|
|
|a (OCoLC)1427227565
|
| 040 |
|
|
|a DGITA
|b eng
|e rda
|e pn
|c DGITA
|
| 020 |
|
|
|z 9789564072623
|
| 050 |
1 |
4 |
|a HX73 ebook
|
| 100 |
1 |
|
|a Vermeersch, A.
|q (Arthur),
|d 1858-1936,
|e author.
|
| 245 |
1 |
0 |
|a Cuestiones acerca de la justicia :
|b el socialismo y la propiedad privada /
|c Arthur Vermeers.
|
| 264 |
|
1 |
|a Santiago, Chile :
|b Ediciones Olejnik,
|c [2022]
|
| 300 |
|
|
|a 1 online resource.
|
| 336 |
|
|
|a text
|b txt
|2 rdacontent
|
| 337 |
|
|
|a computer
|b c
|2 rdamedia
|
| 338 |
|
|
|a online resource
|b cr
|2 rdacarrier
|
| 347 |
|
|
|a text file
|2 rdaft
|
| 347 |
|
|
|b PDF
|
| 490 |
1 |
|
|a Biblioteca de filosofía del derecho
|
| 588 |
0 |
|
|a Online resource; title from PDF title page (Digitalia, viewed April 11, 2025)
|
| 650 |
|
0 |
|a Socialism.
|
| 650 |
|
0 |
|a Personal property.
|
| 650 |
|
0 |
|a Partition of decedents' estates.
|
| 791 |
2 |
|
|a Digitalia (Firm),
|e distributor.
|
| 793 |
0 |
|
|g Digitalia eBook Collection:
|a Ediciones Olejnik
|
| 776 |
0 |
8 |
|i Print version:
|a Vermeersch, A. (Arthur), 1858-1936.
|t Cuestiones acerca de la justicia.
|b Primera edición en Ediciones Olejnik.
|d Santiago, Chile : Ediciones Olejnik, 2022
|z 9789564072623
|
| 830 |
|
0 |
|a Biblioteca de filosofía del derecho.
|
| 856 |
4 |
0 |
|3 Digitalia Hispánica
|u https://www.digitaliapublishing.com/a/157697/
|
| 910 |
|
|
|a Premium collection: 2025
|